Missing Word: European History Figures A-Z Quiz Stats

 Plays Quiz Updated Jul 18, 2014

Support Sporcle.
Go Orange.
Score 0/24 Timer 03:00
0 Plays Today
Hint Answer % Correct
Joan of ____ - heroineArc
96.9%
____ Shakespeare - playwrightWilliam
93.5%
____ Antoinette - queen consortMarie
93.3%
____ Picasso - painterPablo
92.5%
Mary, ____ of Scots - monarchQueen
92.5%
____ Marx - philosopherKarl
92.4%
Salvador ____ - painterDalí
91.6%
____ the Terrible - tsarIvan
91.4%
____ Orwell - authorGeorge
91.2%
Attila the ____ - nomadic rulerHun
89.9%
____ Verne - authorJules
82.7%
____ von Bismarck - statesmanOtto
80.1%
Hint Answer % Correct
____ the Impaler - princeVlad
76.2%
____ Gagarin - cosmonautYuri
72.6%
____ Wałęsa - politicianLech
58.3%
____ Franco - dictatorFrancisco
50.7%
Émile ____ - writerZola
50.3%
____ Wren - architectChristopher
49.9%
____ of Aquitaine - queen consortEleanor
46.4%
____ van Rijn - painterRembrandt
45.7%
Hieronymus ____ - painterBosch
39.4%
Josip Broz ____ - politicianTito
39%
____ Africanus - generalScipio
22.2%
____ Ceaușescu - politicianNicolae
22%

Today's Daily Dose

Missing Word
1961 Movies A-Z

Word Ladder
Study Light

Get the Picture
Bread and Butter

You're not logged in!

Compare scores with friends on all Sporcle quizzes.
OR
Log In

From the Vault

Lost for Words: Movie Titles II

by bhenderson79

We're serious, and don't call this quiz Shirley.
Remove Ads.
Support Sporcle.
Get the best of Sporcle when you Go Orange. This ad-free experience offers more features, more stats, and more fun while also helping to support Sporcle. Thank you for becoming a member.

Show Comments

Extras

Top Quizzes Today


Score Distribution

Your Account Isn't Verified!

In order to create a playlist on Sporcle, you need to verify the email address you used during registration. Go to your Sporcle Settings to finish the process.

Report this User

Report this user for behavior that violates our Community Guidelines.

Details: